Voľby 2012 v kontexte inštitucionalizácie straníckeho systému

Pohľad na Parlamentné voľby 2012 na Slovensku. Definovanie faktorov, ktoré ovplyvňujú mieru inštitucionalizácie straníckeho systému.

Saved in:
Bibliographic Details
Main Author: Štefančík, Radoslav, 1976-
Format: Book Chapter
Language:Slovak
Subjects:
Tags: Add Tag
No Tags, Be the first to tag this record!

MARC

LEADER 00000naa$a2200000$$$4500
001 0182126
005 20240502073123.4
041 0 |a slo 
044 |a SK 
245 1 0 |a Voľby 2012 v kontexte inštitucionalizácie straníckeho systému  |c Radoslav Štefančík 
520 |a Pohľad na Parlamentné voľby 2012 na Slovensku. Definovanie faktorov, ktoré ovplyvňujú mieru inštitucionalizácie straníckeho systému. 
610 2 0 |a voľby 
610 2 0 |a parlamenty 
610 2 0 |a Slovensko 
610 2 0 |a strany politické 
610 2 0 |a príjmy 
100 1 |a Štefančík, Radoslav, 1976-